Awakening The Entrepreneur Within (Record no. 334850)
[ view plain ]
| 000 -LEADER | |
|---|---|
| fixed length control field | 00453nam a2200169Ia 4500 |
| 008 - FIXED-LENGTH DATA ELEMENTS--GENERAL INFORMATION | |
| fixed length control field | 230718s9999 xx 000 0 und d |
| 020 ## - INTERNATIONAL STANDARD BOOK NUMBER | |
| International Standard Book Number | 978006231289 |
| 041 ## - LANGUAGE CODE | |
| Language code of text/sound track or separate title | eng |
| 082 ## - DEWEY DECIMAL CLASSIFICATION NUMBER | |
| Classification number | 658.11 |
| Item number | GER |
| 100 ## - MAIN ENTRY--PERSONAL NAME | |
| Personal name | Gerber M.E. |
| 9 (RLIN) | 195452 |
| 245 ## - TITLE STATEMENT | |
| Title | Awakening The Entrepreneur Within |
| 260 ## - PUBLICATION, DISTRIBUTION, ETC. (IMPRINT) | |
| Date of publication, distribution, etc. | 2009 |
| Name of publisher, distributor, etc. | Harper |
| 300 ## - PHYSICAL DESCRIPTION | |
| Extent | 266 |
| 365 ## - TRADE PRICE | |
| Currency code | Rs. |
| Price amount | 399.00 |
| 700 ## - ADDED ENTRY--PERSONAL NAME | |
| Personal name | Gerber M.E. |
| 9 (RLIN) | 195452 |
| 906 ## - LOCAL DATA ELEMENT F, LDF (RLIN) | |
| d | O:0366521-Jan-2014B:442125-Oct-2013 |
| c | GENRL |
| b | 87.78 |
| Withdrawn status | Lost status | Damaged status | Not for loan | Home library | Current library | Date acquired | Vendor | Budget Code | Cost, normal purchase price | Bill number | Full call number | Barcode | Date last seen | Discount | Cost, replacement price | Bill Date | Koha item type | Original Barcode |
|---|---|---|---|---|---|---|---|---|---|---|---|---|---|---|---|---|---|---|
| Cummins College of Engineering for Women Pune | Cummins College of Engineering for Women Pune | 21/01/2014 | Technical Book Services | GENRL | 311.22 | 4421 | 658.11 | CCEP-BK-46057 | 18/07/2023 | 87.78 | 399.00 | 25/10/2013 | Books | 046057 |